LEADER 00937naa a2200205 u 4500 001 000000101074 003 CaOOAMICUS 005 20070226130205.0 008 051207s1992 it u000 u ita u 035 $a11071667 040 $aIAR$bita 100 1 $aGennaro, Clara.$0(OLS)http://pul/name/59871 245 10$a[Recensione :] Zelina Zafarana: Da Gregorio VII a Bernardino da Siena. Saggi di storia medievale /$c[Clara Gennaro]. 260 $a[Milano :$bVita e pensiero],$c[1992] 300 $aS. 486-490 ;$c25 cm 600 14$aZafarana, Zelina,$d1939-1983$tDa Gregorio VII a Bernardino da Siena.$0(OLS)http://pul/subject/32536 730 0 $aAevum$g[Spogli].$0(OLS)http://pul/title/11692 773 0 $tAevum$k66 (1992)$w()8026 996 $6245$a[Recensione :] Zelina Zafarana: Da Gregorio VII a Bernardino da Siena. Saggi di storia medievale$9(OLS)http://pul/title/127973 996 $6260$a[Milano :$bVita e pensiero]$9(OLS)http://pul/publisher/79155 LEADER 00833naa a2200205 u 4500 001 000000102946 003 CaOOAMICUS 005 20070226130213.0 008 060704s1986 it u000 u ita u 035 $a11094837 040 $aIAR$bita 100 1 $aPfab, Josef,$cC.SS.R.,$d1922-$0(OLS)http://pul/name/39462 245 10$aA pauperibus evangelizari /$cJoseph Pfab. 260 $aRoma :$bCollegium S.Alphonsi de Urbe,$c1986. 300 $aS. 113-119 ;$c25 cm 500 $aIAR: FF-197 730 0 $aSpicilegium historicum Congregationis SSmi Redemptoris$g[Spogli].$0(OLS)http://pul/title/8855 773 0 $tSpicilegium historicum Congregationis SSmi Redemptoris$ga.34 (1986)$w()6012 996 $6245$aA pauperibus evangelizari$9(OLS)http://pul/title/129854 996 $6260$aRoma :$bCollegium S.Alphonsi de Urbe$9(OLS)http://pul/publisher/79185